| 000 | 00613 a2200181 4500 | ||
|---|---|---|---|
| 999 |
_c10420 _d10420 |
||
| 020 | _a9780224086110 | ||
| 050 | _aPR9390.9 CHI 2009 | ||
| 100 |
_aChikwava, Brian _eauthor |
||
| 245 |
_aHarare North / _cBrian Chikwava |
||
| 264 |
_aLondon: _bJonathan Cape, _c2009. |
||
| 300 | _a230p. : | ||
| 500 | _aIncludes acknowledgements | ||
| 650 | _aNoncitizens -- England -- London -- Fiction | ||
| 650 | _aZimbabweans -- England -- London -- Fiction | ||
| 650 | _aLondon (England) -- Social life and customs -- Fiction | ||
| 650 | _aLondon (England) -- Race relations -- Fiction | ||
| 942 |
_2lcc _cBK _h9390.9 _iCHI _kPR |
||